[Event "USA-ch"]
[Site "Modesto"]
[Date "1995.??.??"]
[Round "7"]
[White "Browne, Walter S"]
[Black "Ivanov, Alexander"]
[Result "0-1"]
[WhiteElo "2560"]
[BlackElo "2530"]

1.d4 Nf6 2.c4 e6 3.Nf3 b6 4.a3 Bb7 5.Nc3 d5 6.cxd5 exd5 7.Qa4+ c6 8.g3 Bd6
9.Bg2 O-O 10.O-O Nbd7 11.Bf4 Bxf4 12.gxf4 c5 13.Rad1 cxd4 14.Qxd4 Nc5 15.Ne5 Nce4
16.e3 Qe7 17.Rc1 Rfd8 18.Rfd1 Nc5 19.Qb4 Nfe4 20.f3 Nxc3 21.Rxc3 f6 22.Ng4 Rd6
23.f5 Rad8 24.Qd4 Ba6 25.b4 Na4 26.Rc2 Bc4 27.Re1 b5 28.f4 a5 29.Rd2 axb4
30.axb4 R6d7 31.Rb1 Rd6 32.Kf2 Qc7 33.Bf3 Qb6 34.Qxb6 Nxb6 35.Ra1 Na4 36.h3 h5
37.Nxf6+ gxf6 38.Bxh5 Kf8 39.Bd1 d4 40.exd4 Rxd4 41.Rxd4 Rxd4 42.Bxa4 bxa4
43.Rxa4 Rxf4+ 44.Kg3 Rxf5 45.Ra5 Bb5 46.Ra7 Rd5 47.h4 Bd7 48.Rc7 Ke7 49.Rc4 Kf7
50.Kf2 Kg6 51.Ke3 Re5+ 52.Kf4 Re1 53.Rd4 Be6 54.b5 Rf1+ 55.Kg3 Rb1 56.h5+ Kf7
57.Ra4 Rxb5 58.Ra6 Kf8 59.h6 Rh5 60.h7 Bf7 61.Kg4 Rxh7  0-1

[Event "Mondariz"]
[Site "Mondariz"]
[Date "1995.??.??"]
[Round "6"]
[White "Del Rey, Diego"]
[Black "Estremera Panos, Sergio"]
[Result "1/2-1/2"]
[WhiteElo "2315"]
[BlackElo "2350"]

1.d4 Nf6 2.c4 e6 3.Nf3 b6 4.a3 Ba6 5.Qc2 Bb7 6.Nc3 c5 7.dxc5 bxc5 8.Bf4 Bxf3
9.gxf3 Nc6 10.e3 Nh5 11.Bg3 Nxg3 12.hxg3 g6 13.f4 Rb8 14.Be2 Bg7 15.O-O Qa5
16.Na4 O-O 17.Rad1 Rfd8 18.Bf3 Ne7 19.Rd3 d6 20.Rfd1 Nc8 21.b3 Nb6 22.Bc6 Nxa4
23.Bxa4 Qc7 24.Qe2 Qe7 25.Qd2 Bf6 26.Kf1 Qb7 27.Ke2 d5 28.cxd5 Qa6 29.Qc2 Rxd5
30.Kf3 Qd6 31.Ke2 Qa6 32.Kf3 Qd6 33.Ke2  1/2-1/2

[Event "Amber-rapid 4th"]
[Site "Monte Carlo"]
[Date "1995.??.??"]
[Round "11"]
[White "Shirov, Alexei"]
[Black "Karpov, Anatoly"]
[Result "0-1"]
[WhiteElo "2710"]
[BlackElo "2780"]

1.d4 Nf6 2.c4 e6 3.Nf3 b6 4.a3 Bb7 5.Nc3 d5 6.cxd5 Nxd5 7.e3 g6 8.Nxd5 exd5
9.b4 Bg7 10.Bb2 c6 11.Be2 O-O 12.O-O Nd7 13.Qb3 Re8 14.Rfc1 a5 15.bxa5 Rxa5
16.a4 c5 17.Bb5 c4 18.Qc2 Re6 19.Bc3 Ra7 20.Rcb1 Nb8 21.Ra2 Nc6 22.Rab2 Na5
23.Ne5 Qc7 24.Rf1 Bc8 25.f4 f6 26.e4 fxe5 27.exd5 exd4 28.Bxa5 bxa5 29.dxe6 Bxe6
30.Qe4 Qd6 31.Re2 Bf7 32.f5 d3 33.fxg6 hxg6 34.Ree1 d2 35.Rd1 Qd4+ 36.Qxd4 Bxd4+
37.Kh1 c3 38.Bd3 Re7 39.Rb1 Ba2  0-1

[Event "Montreal op"]
[Site "Montreal"]
[Date "1995.??.??"]
[Round "2"]
[White "Levtchouk, George"]
[Black "Rozentalis, Eduardas"]
[Result "0-1"]
[WhiteElo "2345"]
[BlackElo "2610"]

1.d4 Nf6 2.c4 e6 3.Nf3 b6 4.a3 Bb7 5.Nc3 d5 6.Bg5 Be7 7.e3 O-O 8.Bxf6 Bxf6
9.cxd5 exd5 10.Qb3 Re8 11.Rd1 c6 12.Bd3 Na6 13.O-O c5 14.Bb1 Rc8 15.Rfe1 g6
16.Ba2 c4 17.Qc2 Nc7 18.e4 dxe4 19.Nxe4 Bxe4 20.Rxe4 Rxe4 21.Qxe4 Qd5 22.Qf4 Kg7
23.h4 b5 24.Qe3 h5 25.b3 Ne6 26.bxc4 bxc4 27.g3 Nc7 28.a4 Ne8 29.Rc1 Nd6
30.Qe2 Qf5 31.Kg2 c3 32.Qe3 Qa5 33.Bb3 Qb4 34.Bc2 Nc4 35.Qd3 Na3 36.Ne5 Qb2
37.Qd1 Rd8 38.Nf3 Qb7 39.Kg1 Qb4 40.d5 Nxc2 41.Qxc2 Rxd5 42.Rb1 Qc4  0-1

[Event "Moscow op2"]
[Site "Moscow"]
[Date "1995.??.??"]
[Round "1"]
[White "Notkin, Maksim"]
[Black "Perevertkin, Vladimir"]
[Result "1-0"]
[WhiteElo "2520"]
[BlackElo "2320"]

1.d4 Nf6 2.c4 e6 3.Nf3 b6 4.a3 Bb7 5.Nc3 g6 6.Qc2 Be7 7.e4 O-O 8.Bd3 d6 9.O-O c5
10.d5 e5 11.g3 h5 12.Nh4 Nh7 13.Ng2 Bf6 14.f4 h4 15.gxh4 Bxh4 16.fxe5 dxe5
17.Nxh4 Qxh4 18.Qg2 Nd7 19.Bd2 Ndf6 20.Rf3 Bc8 21.Raf1 Ne8 22.Rg3 Nd6 23.Nd1 Bd7
24.Ne3 Kh8 25.b4 Qe7 26.Kh1 Rg8 27.Ng4 f6 28.bxc5 bxc5 29.Qf2 Bxg4 30.Rxg4 Rac8
31.Be3 Nb7 32.Rg3 Qd7 33.Be2 Rc7 34.Bg4 Qe8 35.Be6 Nd6 36.Qg2 Rgg7 37.Bh6 Nxc4
38.Bxg7+ Rxg7 39.Rc3 Nd6 40.Rxc5 Ng5 41.Rc6 Nxe6 42.Qh3+ Kg8 43.Qxe6+ Qxe6
44.dxe6 Nxe4 45.Rc8+ Kh7 46.Rd8 f5 47.Rd7 Nf6 48.Rfd1 e4 49.Rxg7+ Kxg7 50.Rd7+ Kg8
51.Rxa7 e3 52.Kg2 f4 53.Kf3 g5 54.h3  1-0

[Event "Moscow Petrosian"]
[Site "Moscow"]
[Date "1995.??.??"]
[Round "1"]
[White "Obodchuk, Andrei"]
[Black "Ivanov, Victor L"]
[Result "1/2-1/2"]
[WhiteElo "2430"]
[BlackElo "2460"]

1.d4 Nf6 2.c4 e6 3.Nf3 b6 4.a3 c5 5.d5 Ba6 6.Qc2 exd5 7.cxd5 g6 8.Nc3 Bg7
9.g3 O-O 10.Bg2 d6 11.O-O Nbd7 12.h3 Re8 13.Re1 Qe7 14.Bf4 Ne4 15.Nxe4 Qxe4  1/2-1/2

[Event "Moscow op2"]
[Site "Moscow"]
[Date "1995.??.??"]
[Round "2"]
[White "Murzin, Lenar"]
[Black "Bondarenko, Vladimir"]
[Result "1/2-1/2"]
[WhiteElo "2265"]
[BlackElo "2315"]

1.d4 Nf6 2.c4 e6 3.Nf3 b6 4.a3 Bb7 5.Nc3 d5 6.Qc2 dxc4 7.e4 c5 8.dxc5 Bxc5
9.Bxc4 O-O 10.Bg5 Qc7 11.Qe2 Nbd7 12.O-O a6 13.Rac1 Bd6 14.Ba2 Qb8 15.Rfe1 Bf4
16.Rcd1 Bxg5 17.Nxg5 Qe5 18.f4 Qxf4 19.Nxe6 fxe6 20.Bxe6+ Kh8 21.Bxd7 Rad8
22.Bf5 Rxd1 23.Rxd1 g6 24.Rf1 Qe5 25.Bh3 Qc5+ 26.Kh1 Nxe4 27.Nxe4 Bxe4 28.b4 Rxf1+
29.Qxf1 Qd6 30.Bg4 h5 31.Be2 a5 32.bxa5 bxa5 33.Qc1 Kh7 34.Qc3 Qc6 35.Qxc6  1/2-1/2

[Event "Moscow op"]
[Site "Moscow"]
[Date "1995.??.??"]
[Round "3"]
[White "Yegiazarian, Arsen"]
[Black "Yemelin, Vasily"]
[Result "1/2-1/2"]
[WhiteElo "2450"]
[BlackElo "2515"]

1.d4 Nf6 2.Nf3 e6 3.c4 b6 4.a3 Ba6 5.Qc2 Bb7 6.Nc3 c5 7.e4 cxd4 8.Nxd4 d6
9.Be2 Nbd7 10.O-O Be7 11.Be3 O-O 12.Rfd1 a6 13.f3 Rc8 14.Qd2 Qc7 15.Rac1 Qb8
16.Bf1 Rfe8 17.Kh1 Ne5 18.Na4 Bd8 19.b4 Ned7 20.Nb3 Bc7 21.Bf4 Ne5 22.Bxe5 dxe5
23.c5 Rcd8 24.Qc3 b5 25.Nb2 Bc6 26.Na5 Bxa5 27.bxa5 Rxd1 28.Rxd1 Rd8 29.Rxd8+ Qxd8
30.Qxe5 Qxa5 31.Qb8+ Ne8 32.Nd3 Qxa3 33.h3 Qa1 34.Ne5 Qxf1+ 35.Kh2 Qc1 36.Nxc6 Kf8
37.Qe5 f6 38.Qxe6 Qf4+ 39.Kg1 Qc1+ 40.Kh2 Qf4+ 41.Kg1 Qc1+  1/2-1/2

[Event "Moscow op2"]
[Site "Moscow"]
[Date "1995.??.??"]
[Round "3"]
[White "Notkin, Maksim"]
[Black "Donchenko, Anatoly G"]
[Result "1-0"]
[WhiteElo "2520"]
[BlackElo "2405"]

1.d4 Nf6 2.c4 e6 3.Nf3 b6 4.a3 d5 5.Nc3 Be7 6.cxd5 exd5 7.g3 O-O 8.Bg2 c5
9.O-O Bb7 10.Bf4 Na6 11.Ne5 Nc7 12.dxc5 bxc5 13.Nc4 Rc8 14.Ne3 Ba8 15.Bxc7 Rxc7
16.Nexd5 Bxd5 17.Nxd5 Nxd5 18.Bxd5 Bf6 19.Rb1 c4 20.e4 Qb8 21.Qe2 Qb5 22.Rfc1 Rfc8
23.b3 Qa5 24.Bxc4 Qxa3 25.e5 Be7 26.Ra1 Qb4 27.e6 f6 28.Rd1 a5 29.Rd5 Ra8
30.Rad1 g6 31.Rd7 Raa7 32.Qe3 Kg7 33.R1d5 Qb8 34.h4 h5 35.Qe4 Qb4 36.g4 Rxd7
37.exd7 hxg4 38.d8=Q Bxd8 39.Rxd8 a4 40.Rg8+ Kh7  1-0

[Event "Moscow op"]
[Site "Moscow"]
[Date "1995.??.??"]
[Round "3"]
[White "Khomyakov, Vladimir"]
[Black "Zagrebelny, Sergey"]
[Result "1-0"]
[WhiteElo "2340"]
[BlackElo "2510"]

1.d4 Nf6 2.c4 e6 3.Nf3 b6 4.a3 d5 5.Nc3 Be7 6.cxd5 exd5 7.Bf4 O-O 8.e3 c5
9.Bd3 Nc6 10.h3 h6 11.O-O Be6 12.Rc1 c4 13.Bb1 a6 14.Ne5 Rc8 15.Qc2 b5 16.Ng4 Re8
17.Rcd1 Bxg4 18.hxg4 g6 19.f3 h5 20.Be5 h4 21.g5 Nh5 22.f4 Ng3 23.Rf3 Qd7
24.Qf2 Red8 25.f5 Nxe5 26.dxe5 gxf5 27.Bxf5 Nxf5 28.Rxf5 Qe6 29.Rf1 d4 30.exd4 Rxd4
31.Kh1 Rg4 32.Rxf7 Rxg5 33.Qf3 Rg7 34.Rf5 Rg3 35.Qh5 h3 36.gxh3 Rf8 37.Rxf8+ Bxf8
38.Kh2 Rg6 39.Ne4 Bg7 40.Nf6+ Rxf6 41.exf6 Qd6+ 42.Kh1 Qc6+ 43.Rf3 Bf8 44.f7+ Kg7
45.Qg5+ Qg6 46.Qxg6+ Kxg6 47.Kg2 a5 48.Kf1 b4 49.axb4 axb4 50.Ke2 Kg7 51.Kd1 Bd6
52.Rf5 Kf8 53.Kc2 Bb8 54.Rc5  1-0

[Event "Moscow-ch op"]
[Site "Moscow"]
[Date "1995.??.??"]
[Round "4"]
[White "Mitbreit, Dmitry"]
[Black "Nikolenko, Oleg"]
[Result "0-1"]
[WhiteElo "2320"]
[BlackElo "2475"]

1.d4 Nf6 2.c4 e6 3.Nf3 b6 4.a3 Ba6 5.Qc2 Bb7 6.Nc3 c5 7.e4 cxd4 8.Nxd4 Nc6
9.Nxc6 Bxc6 10.Bf4 Bc5 11.O-O-O O-O 12.Be2 Rc8 13.e5 Ne8 14.Bd3 f5 15.exf6 Nxf6
16.f3 a6 17.Be5 Kh8 18.Kb1 b5 19.Ne4 bxc4 20.Nxc5 cxd3 21.Qxd3 Bd5 22.Ne4 Qb6
23.Nc3 Bc4 24.Qd6 Qb3 25.Qb4 Qxb4 26.axb4 Nd5 27.Nxd5 Bxd5 28.Rc1 Kg8 29.Rc3 Rc6
30.Rxc6 Bxc6 31.Rd1 g5 32.Rd2 Rf5 33.Bd6 Kf7 34.Kc2 e5 35.Kc3 Ke6 36.Kc2 Rf4
37.Kc3 h5 38.Bc7 Bd5 39.b3 g4 40.fxg4 Rxg4 41.Ra2 Bb7 42.Re2 d6 43.g3 h4
44.Rd2 Bd5 45.Rd3 Rg8 46.Kd2  0-1

[Event "Moscow op"]
[Site "Moscow"]
[Date "1995.??.??"]
[Round "4"]
[White "Yanvarjov, Igor"]
[Black "Sherbakov, Vitaly S"]
[Result "1-0"]
[WhiteElo "2425"]
[BlackElo "2385"]

1.d4 Nf6 2.Nf3 e6 3.c4 b6 4.a3 Bb7 5.Nc3 g6 6.d5 Bg7 7.g3 O-O 8.Bg2 Na6 9.O-O Nc5
10.Bg5 h6 11.Be3 Nfe4 12.Nxe4 Nxe4 13.Bd4 exd5 14.cxd5 Re8 15.Bxg7 Kxg7 16.Rc1 c5
17.Qd3 Qe7 18.Rc2 f5 19.Nd2 Qe5 20.d6 Re6 21.Nc4 Qf6 22.a4 Rae8 23.Rd1 Ba6
24.Bxe4 Rxe4 25.e3 Bxc4 26.Rxc4 Qxb2 27.a5 Rxc4 28.Qxc4 Qb4 29.Qc2 Qxa5 30.Qb2+ Kf7
31.Qb3+ Re6 32.Qb2 Qa4 33.Ra1 Qe4 34.Rxa7 Rxd6 35.Ra1 Qe6 36.h4 c4 37.Qb4 Qd5
38.Ra7 Qc6 39.Ra1 Rd3 40.Kh2 Rb3 41.Qd2 Rd3 42.Qb2 c3 43.Qb3+ Qd5 44.Qxb6 Rd2
45.e4 Qd4 46.Qxd4 Rxd4 47.exf5 gxf5 48.Kg2 c2 49.Rc1 Rc4 50.Kf3 Ke6 51.Ke3 Kd5
52.Kd3 h5 53.f3 Rc8 54.Rxc2 Rxc2 55.Kxc2 Kd4 56.Kd2 Ke5 57.Ke2 Kd4 58.Kf2 d5
59.g4 hxg4 60.f4 Kc4 61.h5 d4 62.h6 d3 63.h7 g3+ 64.Kxg3 d2 65.h8=Q d1=Q
66.Qc8+ Kb3 67.Qxf5 Qg1+ 68.Kh4 Kc4 69.Qf7+ Kd3 70.Qd5+ Ke2 71.Qe4+ Kd2 72.f5 Qh2+
73.Kg4 Qg1+ 74.Kh3 Qg5  1-0

[Event "Moscow op2"]
[Site "Moscow"]
[Date "1995.??.??"]
[Round "6"]
[White "Fradkin, Boris"]
[Black "Gevorgjan, K."]
[Result "0-1"]
[WhiteElo "2365"]
[BlackElo "2240"]

1.d4 Nf6 2.c4 e6 3.Nf3 b6 4.a3 Bb7 5.Nc3 d5 6.Bg5 Be7 7.e3 O-O 8.Rc1 Nbd7
9.cxd5 exd5 10.Bd3 c5 11.O-O h6 12.Bf4 Ne4 13.Bb1 Ndf6 14.dxc5 Nxc3 15.Rxc3 bxc5
16.Qe2 Qb6 17.Rd1 Rfd8 18.b4 Ba6 19.Qc2 cxb4 20.Bc7 Qb7 21.axb4 Rdc8 22.Rc6 Bd6
23.Rxd6 Rxc7 24.Qd2 Bc4 25.Nd4 Ne8 26.Nf5 Nxd6 27.Nxd6 Qc6 28.Nf5 Qf6 29.h3 h5
30.Nd4 g6 31.f4 Rb8 32.Bc2  0-1

[Event "Moscow-ch op"]
[Site "Moscow"]
[Date "1995.??.??"]
[Round "6"]
[White "Arbakov, Valentin"]
[Black "Yuferov, Sergey  N"]
[Result "0-1"]
[WhiteElo "2455"]
[BlackElo "2465"]

1.Nf3 Nf6 2.c4 b6 3.d4 e6 4.a3 Bb7 5.Nc3 d5 6.cxd5 Nxd5 7.Bd2 Nd7 8.Qc2 c5
9.e4 N5f6 10.d5 exd5 11.exd5 Bd6 12.Bc4 Qe7+ 13.Kf1 O-O 14.Re1 Qd8 15.Nb5 Bb8
16.Nc3 Re8 17.Rd1 a6 18.a4 Ne5 19.Nxe5 Bxe5 20.Bg5 h6 21.Bh4 Qd7 22.f3 Bd4
23.Bxf6 Bxf6 24.g4 Re3 25.Kg2 Rae8 26.Rd2 b5 27.axb5 Bxc3 28.bxc3 axb5 29.Be2 Bxd5
30.h3 Qe6 31.Bd1 Bxf3+ 32.Bxf3 Rxf3 33.Kxf3 Qc6+ 34.Kg3 Qxh1 35.Re2 Qg1+
36.Kh4 Re3  0-1

[Event "Moscow-ch op"]
[Site "Moscow"]
[Date "1995.??.??"]
[Round "6"]
[White "Zhurina, Elizaveta"]
[Black "Gagarin, Vasilij"]
[Result "0-1"]
[WhiteElo "2240"]
[BlackElo "2420"]

1.d4 Nf6 2.Nf3 e6 3.c4 b6 4.a3 c5 5.d5 Ba6 6.Qb3 exd5 7.cxd5 d6 8.Nc3 g6
9.Bf4 Bg7 10.Qa4+ Qd7 11.Qxd7+ Kxd7 12.e4 Re8 13.Nd2 Bxf1 14.Kxf1 Na6 15.f3 Nh5
16.Be3 f5 17.Ke2 Nc7 18.Rae1 b5 19.Kd3 a5 20.Rhf1 f4 21.Bf2 a4 22.g3 Be5
23.Rg1 Rf8 24.g4 Nf6 25.Rb1 Ke8 26.g5 Nd7 27.Ne2 Ke7 28.Rg4  0-1

[Event "Moscow op2"]
[Site "Moscow"]
[Date "1995.??.??"]
[Round "8"]
[White "Kornev, Alexei"]
[Black "Nikolenko, Oleg"]
[Result "1/2-1/2"]
[WhiteElo "2360"]
[BlackElo "2475"]

1.d4 e6 2.Nf3 Nf6 3.c4 b6 4.a3 Ba6 5.Qc2 Bb7 6.Nc3 c5 7.e4 cxd4 8.Nxd4 Nc6
9.Nxc6 Bxc6 10.Bf4 Bc5 11.Be2 O-O 12.Rd1 a5 13.O-O Qe7 14.Bf3 e5 15.Bg5 h6
16.Bh4 Rac8 17.Rfe1 d6 18.h3 Ra8 19.Rd2 g5 20.Bg3 Ne8 21.Bg4 Ng7 22.Qd1 a4
23.Kh1 Qf6 24.Nd5 Bxd5 25.cxd5 Ra7 26.Qe2 Qg6 27.Qd3 h5 28.Bf5 Qf6 29.Rc2 Re8
30.Qf3 Kf8 31.Bh2 Ree7 32.g4 h4 33.Qe2 Rec7 34.Rec1 Qe7 35.Kg2 Ra5 36.Bg1 Qe8
37.f3 Rb5 38.Be3 f6 39.Rc3 Ra5 40.R1c2 Qb5 41.Qxb5 Rxb5 42.Bg6 Ra7 43.Kf2 Ne8  1/2-1/2

[Event "RUS-chJ"]
[Site "Moscow"]
[Date "1995.??.??"]
[Round "8"]
[White "Korotylev, Alexey"]
[Black "Shariyazdanov, Andrey"]
[Result "0-1"]
[WhiteElo "2445"]
[BlackElo "2460"]

1.d4 Nf6 2.c4 e6 3.Nf3 b6 4.a3 Ba6 5.Qc2 Bb7 6.Nc3 c5 7.dxc5 Bxc5 8.Bf4 d5
9.cxd5 exd5 10.e3 O-O 11.Be2 Nbd7 12.O-O Rc8 13.Rfd1 Re8 14.Bg5 Be7 15.Rac1 h6
16.Bh4 a6 17.Qb1 Nc5 18.Nd4 g6 19.Rc2 Nfe4 20.Bxe7 Qxe7 21.Bf3 Rcd8 22.Qc1 Qf6
23.b4 Nd7 24.a4 Ne5 25.a5 b5 26.Qa1 Rc8 27.Rdc1 Rc4 28.Nxe4 dxe4 29.Rxc4 bxc4
30.Be2 Nd3 31.Rf1 Rc8 32.Qc3 Qd6 33.Nc2 Bd5 34.Rb1 Rb8 35.h3 Qe6 36.Qd4 Qc6
37.Qc3 Qd6 38.Nd4  0-1

[Event "Moscow5"]
[Site "Moscow"]
[Date "1995.??.??"]
[Round "9"]
[White "Ivanov, VI."]
[Black "Mitenkov, Alexey"]
[Result "1/2-1/2"]
[WhiteElo "2460"]
[BlackElo "2430"]

1.Nf3 Nf6 2.d4 e6 3.c4 b6 4.a3 Bb7 5.Nc3 d5 6.Qc2 Be7 7.cxd5 Nxd5 8.Bd2 Nd7
9.e4 N5f6 10.O-O-O c6 11.Bd3 h6 12.Kb1 b5 13.e5 Nd5 14.Ne4 b4 15.a4 Qb6 16.Rc1 b3
17.Qc4 a5 18.Nc5 Nxc5 19.dxc5 Qc7 20.Qg4 Bf8 21.Be4 Ba6 22.Nd4 O-O-O 23.Rhd1 g5
24.Nxb3 Qxe5 25.Bxd5 Qxd5 26.Bxa5 Bd3+ 27.Ka2 Rd7 28.f3 Bg7 29.Rd2 Rb7 30.Bb6 f5
31.Qb4 e5 32.Qa5 Kb8 33.Rc3 e4 34.Rcxd3 exd3 35.Qa6 Rd7 36.Ka3 Rc8 37.Nc1 Qe5
38.Nxd3 Qe3 39.Ba5 Rb7 40.Ka2 Qe6+ 41.Kb1 Ra7 42.Qb6+ Rb7 43.Qa6 Ra7  1/2-1/2

[Event "Moscow op2"]
[Site "Moscow"]
[Date "1995.??.??"]
[Round "9"]
[White "Yanvarjov, Igor"]
[Black "Kiselev, Sergey"]
[Result "0-1"]
[WhiteElo "2425"]
[BlackElo "2505"]

1.d4 Nf6 2.c4 e6 3.Nf3 b6 4.a3 c5 5.d5 Ba6 6.b3 exd5 7.cxd5 g6 8.Bb2 Bg7
9.e4 Bxf1 10.Kxf1 d6 11.Nbd2 O-O 12.Qc2 Re8 13.Re1 Nbd7 14.g3 b5 15.Kg2 Qb6
16.h3 Re7 17.Qb1 Rae8 18.Nh2 Qb7 19.f3 Nxd5 20.Bxg7 Kxg7 21.exd5 Re2+ 22.Rxe2 Rxe2+
23.Kg1 Rxd2 24.Qa1+ Nf6 25.Ng4 Qe7 26.Rh2 Rxh2 27.Kxh2 Qe2+ 28.Kg1 Qxf3 29.Kh2 h5
30.Nxf6 Qxf6 31.Qe1 Qb2+ 32.Kh1 Qxb3  0-1

[Event "Moscow-ch op"]
[Site "Moscow"]
[Date "1995.??.??"]
[Round "10"]
[White "Notkin, Maksim"]
[Black "Mitenkov, Alexey"]
[Result "0-1"]
[WhiteElo "2520"]
[BlackElo "2430"]

1.d4 Nf6 2.c4 e6 3.Nf3 b6 4.a3 Bb7 5.Nc3 d5 6.cxd5 Nxd5 7.Qc2 Be7 8.e4 Nxc3
9.bxc3 O-O 10.Bd3 c5 11.O-O Qc8 12.Qe2 Ba6 13.Bf4 Bxd3 14.Qxd3 Qa6 15.Qe3 Nd7
16.Rfd1 cxd4 17.cxd4 Rac8 18.Rd3 b5 19.Rad1 Rc4 20.e5 Nb6 21.Bg5 Nd5 22.Qe4 Qb7
23.h4 Rfc8 24.Bd2 h6 25.Nh2 Qd7 26.Ng4 f5 27.exf6 Nxf6 28.Nxh6+ gxh6 29.Qg6+ Kh8
30.Bf4 Bd8 31.Qxh6+ Qh7 32.Qf8+ Qg8 33.Qh6+ Qh7 34.Qg5 Qf5 35.Be5 Kh7 36.Rf3 Qxg5
37.hxg5 Rc1 38.gxf6 Rxd1+ 39.Kh2 Rdc1 40.Rh3+ Kg6 41.Rg3+ Kf5 42.f7 Be7 43.Rg8 Ke4
44.Re8 Bxa3 45.Rxe6 Kd5 46.Ra6 Bf8 47.Rxa7 Ke6 48.Rb7 b4 49.f4 Kf5 50.Rb5 Kg6
51.Rb7 b3 52.Kh3 b2 53.Rxb2 Kxf7 54.f5 Re8 55.g4 Bh6 56.Rb7+ Re7 57.Rb6 Bg5
58.Rg6 Rc3+ 59.Kg2 Be3 60.g5 Rd3 61.Bf6 Re4 62.Rg7+ Kf8 63.Kf3 Rf4+ 64.Ke2 Rc3  0-1

[Event "Moscow-ch op"]
[Site "Moscow"]
[Date "1995.??.??"]
[Round "11"]
[White "Korotylev, Alexey"]
[Black "Kalinin, Alexander"]
[Result "1/2-1/2"]
[WhiteElo "2450"]
[BlackElo "2365"]

1.d4 Nf6 2.c4 e6 3.Nf3 b6 4.a3 Bb7 5.Nc3 d5 6.cxd5 Nxd5 7.Qc2 Nxc3 8.bxc3 c5
9.e4 Nd7 10.Bf4 Be7 11.Bd3 Qc8 12.Qb1 O-O 13.O-O Ba6 14.a4 Nf6 15.Bb5 Bxb5
16.axb5 a6  1/2-1/2

[Event "Moscow-ch op"]
[Site "Moscow"]
[Date "1995.??.??"]
[Round "11"]
[White "Rustemov, Alexander"]
[Black "Gagarin, Vasilij"]
[Result "1-0"]
[WhiteElo "2475"]
[BlackElo "2420"]

1.d4 Nf6 2.Nf3 e6 3.c4 b6 4.a3 c5 5.d5 Ba6 6.Qc2 exd5 7.cxd5 g6 8.Nc3 Bg7
9.g3 d6 10.Bg2 O-O 11.O-O Nbd7 12.Qa4 Bb7 13.Qh4 Ne8 14.Bg5 f6 15.Bd2 Ne5
16.Nxe5 dxe5 17.b4 cxb4 18.Qxb4 Nd6 19.Nb5 Nxb5 20.Qxb5 e4 21.Bxe4 f5 22.Bf3 Bxa1
23.Rxa1 Rc8 24.Qd3 Rf7 25.Bc3 Rfc7 26.Bb2 Rc4 27.Rd1 Qd6 28.Qe3 Bc6 29.Qh6 Qd7
30.Rd3 Ba4 31.Re3 Bc2 32.Re6 Be4 33.d6 Rc1+ 34.Kg2 Bxf3+ 35.exf3 R1c2 36.Bd4 R2c4
37.Re7 Qxe7 38.dxe7 Rxd4 39.Qe3  1-0

[Event "Nikolaev zt"]
[Site "Nikolaev"]
[Date "1995.??.??"]
[Round "1"]
[White "Koutsin, Sergey"]
[Black "Lerner, Konstantin Z"]
[Result "1/2-1/2"]
[WhiteElo "2435"]
[BlackElo "2560"]

1.d4 Nf6 2.c4 e6 3.Nf3 b6 4.a3 Ba6 5.Nbd2 d5 6.e3 Be7 7.Bd3 c5 8.b3 O-O 9.Bb2 Nc6
10.O-O Rc8 11.Qe2 Re8 12.Rac1 cxd4 13.exd4 Bf8 14.Rc2 g6 15.Rfc1 dxc4 16.Bxc4 Bxc4
17.Qxc4 Ne7 18.Qa6 Rxc2 19.Rxc2 Qb8 20.Ne5 Rd8 21.b4 Nfd5 22.g3 Qa8 23.Qe2 Rc8
24.Ne4 Rxc2 25.Qxc2 f6 26.Nc4 Qc6 27.Qb3 Bg7 28.b5 Qd7 29.Ned6 Nc8 30.Nxc8 Qxc8
31.a4 Bf8 32.Ne3 Qd7 33.Nxd5 exd5 34.Qc2 Kf7 35.Bc1 Bd6 36.Be3 Qc7 37.Qxc7+ Bxc7
38.g4 Ke6 39.f4 f5 40.g5 Bd6 41.Kg2  1/2-1/2

[Event "Odorheiu Secuiesc zt"]
[Site "Odorheiu Secuiesc"]
[Date "1995.??.??"]
[Round "7"]
[White "Ionescu, Constantin"]
[Black "Hracek, Zbynek"]
[Result "1/2-1/2"]
[WhiteElo "2535"]
[BlackElo "2595"]

1.d4 Nf6 2.c4 e6 3.Nf3 b6 4.a3 Ba6 5.Qc2 Bb7 6.Nc3 c5 7.dxc5 bxc5 8.Bg5 Be7
9.e3 h6 10.Bh4 O-O 11.Be2 d6 12.O-O Nbd7 13.Rfd1 Qb6 14.Rd2 Rfd8 15.Rad1 Rab8
16.h3 Ba8 17.Bg3 Ne8 18.Ne1  1/2-1/2

[Event "HUN-ch U16"]
[Site "Paks"]
[Date "1995.??.??"]
[Round "?"]
[White "Kerek, Csaba"]
[Black "Pergel, Laszlo"]
[Result "1/2-1/2"]
[WhiteElo "2085"]
[BlackElo "2145"]

1.d4 Nf6 2.c4 e6 3.Nf3 b6 4.a3 Bb7 5.Nc3 d5 6.Qc2 Be7 7.cxd5 Nxd5 8.e4 Nxc3
9.bxc3 O-O 10.Bd3 c5 11.O-O Qc8 12.Qe2 cxd4 13.cxd4 Ba6 14.Bb2 Bxd3 15.Qxd3 Qa6
16.Qe3 Bf6 17.Rac1 Qb7 18.Qf4 Na6 19.Nd2 Rfd8 20.e5 Be7 21.Rc3 h6 22.Rg3 Kf8
23.Ne4 Rd7 24.Rf3 Bd8 25.Nd6 Rxd6 26.exd6 Bf6 27.Re1 Qd5 28.a4 Nb4 29.Qd2 Qxd6
30.Ba3 a5 31.Rb1 Qxd4 32.Bxb4+ axb4 33.Qxb4+ Qxb4 34.Rxb4 Rd8 35.g3 Bd4 36.Kg2 e5
37.Rd3 Ra8 38.f4 f6 39.Kf3 Ke7 40.Ke4 Bc5 41.Rc4 Ke6 42.fxe5 fxe5 43.Rd5 Bd6
44.Rb5 Ra6 45.g4 g6 46.h4 Bb8 47.Rc6+ Bd6 48.a5 Rxa5 49.Rxa5 bxa5 50.Ra6 a4
51.Rxa4 Be7 52.Ra6+ Kf7 53.Ra7 Ke6 54.h5 gxh5 55.Ra6+ Kf7 56.gxh5 Bg5 57.Kxe5 Be3
58.Kf5 Bg5 59.Ra7+ Kf8 60.Kg6 Bc1 61.Rf7+ Ke8 62.Rf1 Bg5 63.Kg7 Ke7 64.Re1+ Kd6
65.Kf7 Bf4 66.Re6+ Kd5 67.Ra6 Ke5 68.Kg7 Bd2 69.Kg6 Bg5 70.Ra1 Bd2 71.Rf1 Ke6
72.Rd1 Bg5 73.Re1+ Kd6 74.Kf5 Kd7 75.Rg1 Ke7 76.Kg6 Bf4 77.Re1+ Kd6 78.Kf7 Bg5
79.Rd1+ Ke5 80.Kg6 Ke6 81.Rg1 Bf4 82.Re1+ Kd6 83.Kf7 Bg5 84.Rd1+ Ke5 85.Ra1 Bd2
86.Ra6 Bf4 87.Kg7 Bd2 88.Kg6 Bf4 89.Rf6 Bc1 90.Rf8 Ke6 91.Re8+ Kd6 92.Kg7 Bf4
93.Ra8 Ke6 94.Re8+ Kd6 95.Re4 Bc1 96.Rc4 Bg5 97.Rg4 Bc1  1/2-1/2

[Event "Pamplona op"]
[Site "Pamplona"]
[Date "1995.??.??"]
[Round "?"]
[White "Estremera Panos, Sergio"]
[Black "Del Rio de Angeles, Gabriel"]
[Result "1/2-1/2"]
[WhiteElo "2320"]
[BlackElo "2360"]

1.d4 Nf6 2.c4 e6 3.Nf3 b6 4.a3 d5 5.cxd5 exd5 6.Nc3 Be7 7.Bg5 O-O 8.e3 Bb7
9.Bd3 Nbd7 10.Qc2 Ne4 11.Bf4 Nxc3 12.bxc3 g6 13.O-O c5 14.Rfb1 c4 15.Be2 Nb8
16.Ne5 Nc6 17.a4 Na5 18.Bf3 Bd6 19.Bg3 f5 20.Rb5 Bc7 21.Rab1 Bxe5 22.Bxe5 Bc6
23.Qa2 Rf7 24.Qa3 Bxb5 25.Rxb5 Rd7 26.g4 a6 27.Rb1 Nb3 28.Rxb3 cxb3 29.Qxb3 Rc8  1/2-1/2

[Event "Pardubice op"]
[Site "Pardubice"]
[Date "1995.??.??"]
[Round "?"]
[White "Greenfeld, Alon"]
[Black "Hatanbaatar, Bazar"]
[Result "1-0"]
[WhiteElo "2570"]
[BlackElo "2440"]

1.d4 Nf6 2.Nf3 e6 3.c4 b6 4.a3 Bb7 5.Nc3 d5 6.cxd5 exd5 7.Bg5 Be7 8.Qa4+ c6
9.e3 O-O 10.Bd3 Ne4 11.Bf4 Nxc3 12.bxc3 Nd7 13.O-O Re8 14.c4 dxc4 15.Bxc4 Rf8
16.Qc2 Rc8 17.a4 a6 18.Rfd1 b5 19.Bd3 g6 20.Ne5 Nxe5 21.dxe5 Qb6 22.Bh6 c5
23.Bxf8 Bxf8 24.axb5 axb5 25.e6 Qc6 26.exf7+ Kxf7 27.f3 Rc7 28.Ra7 c4 29.Be4 Qb6
30.Rxb7 Rxb7 31.Bd5+ Ke8 32.Bxb7 Qxb7 33.Qd2 Be7 34.Qd4 Qc6 35.Qh8+ Bf8 36.Rd4 Qc5
37.Qxh7 Qf5 38.Qb7 Be7 39.Qc6+  1-0

[Event "Pardubice op"]
[Site "Pardubice"]
[Date "1995.??.??"]
[Round "?"]
[White "Stajcic, Nikola"]
[Black "Galdunts, Sergey"]
[Result "0-1"]
[WhiteElo "2325"]
[BlackElo "2450"]

1.d4 Nf6 2.Nf3 e6 3.c4 b6 4.a3 Bb7 5.Nc3 d5 6.Bg5 Nbd7 7.e3 h6 8.Bh4 Be7
9.cxd5 exd5 10.Bd3 O-O 11.O-O Ne4 12.Bxe7 Qxe7 13.Rc1 c5 14.Bb1 Rac8 15.dxc5 Nxc3
16.Rxc3 bxc5 17.Bf5 Rc7 18.Bxd7 Rxd7 19.Qa4 d4 20.exd4 cxd4 21.Rd3 Rfd8 22.Re1 Qc5
23.b4 Qf5 24.Qd1 Be4 25.Rd2 d3 26.Nh4 Qd5 27.f3 Bh7 28.g3 Qd4+ 29.Kf1 Rc7
30.Ng2 Qc3 31.Nf4 g5 32.Nh3 Qxa3 33.f4 Qxb4 34.fxg5 Bf5 35.Nf2 hxg5 36.Re5 Rc5
37.Rxc5 Qxc5 38.Qe1 a5 39.Ra2 a4 40.Qd2 Bd7 41.Ne4 Bh3+  0-1

[Event "Passau op"]
[Site "Passau"]
[Date "1995.??.??"]
[Round "?"]
[White "Korotylev, Alexey"]
[Black "Klimm, Wolf Dietrich"]
[Result "1-0"]
[WhiteElo "2445"]
[BlackElo "2240"]

1.d4 Nf6 2.c4 e6 3.Nf3 b6 4.a3 Ba6 5.Qc2 Bb7 6.Nc3 c5 7.dxc5 bxc5 8.Bf4 a6
9.e3 Be7 10.Rd1 O-O 11.Be2 Qb6 12.O-O Rd8 13.Rd2 d5 14.cxd5 exd5 15.Na4 Qe6
16.Nxc5 Bxc5 17.Qxc5 Ne4 18.Qb4 Nxd2 19.Qxb7 Nxf3+ 20.Bxf3 Nc6 21.Rd1 Ne7
22.h3 Qd7 23.Qb6 Qe6 24.Qa5 Nc6 25.Qc5 Ne7 26.b4 Qd7 27.Bg5 f6 28.Bf4 Rac8
29.Qb6 Qc6 30.Qd4 Kf7 31.Qd3 g6 32.Bg4 Ra8 33.Qb3 Kg7 34.Qb2 Kf7 35.Rc1 Qa4
36.Rc5 h5 37.Bf3 Qd7 38.h4 Ra7 39.Qb3 Kg7 40.Ra5 Rc8 41.Qd3 Rc6 42.Kh2 Rb6
43.Be2 Rb5 44.Ra4 Rb6 45.Qd4 Qb7 46.Qd2 Ra8 47.Ra5 Rc8 48.Bd3 Nc6 49.Rc5 Ne7
50.Rxc8 Qxc8 51.a4 Nc6 52.b5 axb5 53.Bxb5 Ne7 54.Qd4 Qb7 55.Qc5 Qa7 56.Bc7 Nc8
57.Bxb6 Nxb6 58.g3  1-0

[Event "Petah Tiqwa"]
[Site "Petah Tiqwa"]
[Date "1995.??.??"]
[Round "?"]
[White "Soffer, Ram"]
[Black "Tsesarsky, Ilya"]
[Result "1-0"]
[WhiteElo "2535"]
[BlackElo "2425"]

1.d4 Nf6 2.c4 e6 3.Nf3 b6 4.a3 c5 5.d5 exd5 6.cxd5 g6 7.Nc3 Bg7 8.e4 O-O
9.Bd3 d6 10.h3 Ba6 11.Bxa6 Nxa6 12.O-O Nc7 13.Bf4 Re8 14.Re1 b5 15.b4 Nd7
16.Rc1 cxb4 17.axb4 Nb6 18.Qd3 a6 19.Nd2 Rc8 20.Ne2 f5 21.f3 fxe4 22.fxe4 Nca8
23.Rxc8 Nxc8 24.Nd4 Qf6 25.Be3 Ncb6 26.Rc1 Na4 27.Rc6 N8b6 28.Ne6 Nb2 29.Qe2 N6c4
30.Bd4 Qxd4+ 31.Nxd4 Bxd4+ 32.Kh1 Nxd2 33.Qxd2 Rxe4 34.Qh6  1-0